000 00742nam a2200253Ia 4500
003 OSt
005 20220927110622.0
006 a|||||r|||| 00| 0
007 ta
008 220926b |||||||| |||| 00| 0 eng d
024 _a77268
037 _cReports
040 _aRTL
_cRTL
_beng
041 _2eng
_aeng
082 _a"X9(F182).23673B.N3t4, H1/GD"
110 _aPubjan Board Of Economic Inquary (Punjab India)
_9379423
245 0 _aIrion foundry industry at Batala District Gurdasp
260 _c1941
300 _a76p
_ccm.
650 _aMechanical
700 _aPubjan Board Of Economic Inquary (Punjab India)
_9379424
942 _h"X9(F182).23673B.N3t4, H1/GD"
_cCC
999 _c697417
_d697417